2000 UICN Red List of Threatened Species (Registro nro. 8274)
[ vista simple ]
| 000 -CABECERA | |
|---|---|
| Campo de control | 00862nam a22002537a 4500 |
| 005 - FECHA Y HORA DE LA ULTIMA TRANSACCION | |
| Campo de control | 20140312084333.0 |
| 008 - ELEMENTOS DE LONGITUD FIJA—INFORMACION GENERAL | |
| Campo de control | 140312bc200 zw ||||| |||| 00| 0 spa d |
| 020 ## - ISBN | |
| ISBN | 2831705649 |
| 041 ## - IDIOMA | |
| Código de idioma para texto/pista de sonido o título separado | Inglés |
| 044 ## - PAÍS DE PUBLICACIÓN | |
| País de publicación | Suiza |
| 082 ## - NUMERO DE CLASIFICACION DECIMAL DEWEY | |
| Número de clasificación | 591.042 |
| Número del ítem | U33r |
| 110 2# - ASIENTO PRINCIPAL--NOMBRE CORPORATIVO | |
| Nombre corporativo o de jurisdicción como elemento de entrada | UICN |
| 245 10 - MENCION DE TITULO | |
| Título | 2000 UICN Red List of Threatened Species |
| Mención de responsabilidad | compilado por Craig Hilton-Taylor |
| 260 ## - PUBLICACION, DISTRIBUCION, ETC. (PIE DE IMPRENTA) | |
| Lugar de publicación, distribución, etc. | Gland, Suiza |
| Nombre del editor, distribuidor, etc. | UICN |
| -- | Species Survival Commission |
| -- | Conservation International |
| Fecha de publicación, distribución, etc. | c2000 |
| 300 ## - DESCRIPCION FISICA | |
| Extensión | 61 p. + CD-Rm |
| Otros detalles físicos | mapas, gráficos |
| Dimensiones | 28 cm. |
| 500 ## - NOTA GENERAL | |
| Nota general | Incluye CD.Rom con lista de especies y aplicativo CID-059964 |
| 650 #0 - ASIENTO SECUNDARIO DE MATERIA - TERMINO TEMATICO | |
| Término temático o nombre geográfico como elemento de entrada | Wildlife conservation |
| 650 #0 - ASIENTO SECUNDARIO DE MATERIA - TERMINO TEMATICO | |
| Término temático o nombre geográfico como elemento de entrada | Endangered species |
| 650 #1 - ASIENTO SECUNDARIO DE MATERIA - TERMINO TEMATICO | |
| Término temático o nombre geográfico como elemento de entrada | Rare animals |
| 650 #1 - ASIENTO SECUNDARIO DE MATERIA - TERMINO TEMATICO | |
| Término temático o nombre geográfico como elemento de entrada | Extinction (Biology) |
| 650 #1 - ASIENTO SECUNDARIO DE MATERIA - TERMINO TEMATICO | |
| Término temático o nombre geográfico como elemento de entrada | Wildlife conservation |
| 700 1# - ASIENTO SECUNDARIO - NOMBRE PERSONAL | |
| Nombre personal | Meadway, Wendy |
| 942 ## - ELEMENTOS ADICIONALES (KOHA) | |
| Sistema de clasificación | Dewey Decimal Classification |
| Tipo de ítem | Impreso |
| Withdrawn status | Lost status | Sistema de Clasificación | Damaged status | No para préstamo | Colección | Inventariado | Ubicación Permanente | Ubicación actual | Fecha de adquisición | Fuente de Valor | Valor | Total Checkouts | Número topográfico | Inventario / Código de Barras | Date last seen | Ejemplar | Price effective from | Forma de adquisición | Tipo de material |
|---|---|---|---|---|---|---|---|---|---|---|---|---|---|---|---|---|---|---|---|
| Dewey Decimal Classification | General | Inventariado 2017 | Bogotá | Bogotá | 12/03/2014 | Instituto | 39000.00 | LB-591.042 U33r | 059965 | 12/03/2014 | Ej. 1 | 12/03/2014 | Libro |